Censos nacionales 1993 : (Registro nro. 2205)

000 -CABECERA
campo de control de longitud fija 00874nam a2200229 4500
005 - FECHA Y HORA DE LA ÚLTIMA TRANSACCIÓN
campo de control 20210816162725.0
008 - DATOS DE LONGITUD FIJA--INFORMACIÓN GENERAL
campo de control de longitud fija 210816s1993 pe bd||fr|||| 001 0 spa d
040 ## - FUENTE DE LA CATALOGACIÓN
Centro catalogador/agencia de origen CENDOC CAAAP
Lengua de catalogación spa
Centro/agencia transcriptor CAAAP
041 ## - CÓDIGO DE LENGUA
Código de lengua del texto/banda sonora o título independiente spa
050 ## - SIGNATURA TOPOGRÁFICA DE LA BIBLIOTECA DEL CONGRESO
Número de clasificación HA 1068.RAC
Número de documento/Ítem P45 1993
245 ## - MENCIÓN DE TÍTULO
Título Censos nacionales 1993 :
Subtitulo región Andrés Avelino Cáceres. Primeros resultados del censo poblacional (estadística preliminar)
250 ## - MENCIÓN DE EDICIÓN
Mención de edición 1ra ed.
260 ## - PUBLICACIÓN, DISTRIBUCIÓN, ETC.
Lugar de publicación, distribución, etc. Lima:
Nombre del editor, distribuidor, etc. INEI,
Fecha de publicación, distribución, etc. 1993
300 ## - DESCRIPCIÓN FÍSICA
Extensión 123 p.:
Otras características físicas gráficas, mapas ;
Dimensiones 25 cm.
490 ## - MENCIÓN DE SERIE
Mención de serie (Estadística censal regional ;
Volumen 1)
505 ## - NOTA DE CONTENIDO CON FORMATO
Nota de contenido con formato Contiene : Análisis de resultados preliminares -- Crecimiento de población -- Resumen estadístico regional -- Anexos.
650 10 - PUNTO DE ACCESO ADICIONAL DE MATERIA--TÉRMINO DE MATERIA
9 (RLIN) 1407
Término de materia o nombre geográfico como elemento de entrada Censos
650 20 - PUNTO DE ACCESO ADICIONAL DE MATERIA--TÉRMINO DE MATERIA
9 (RLIN) 3296
Término de materia o nombre geográfico como elemento de entrada Población
650 20 - PUNTO DE ACCESO ADICIONAL DE MATERIA--TÉRMINO DE MATERIA
9 (RLIN) 3768
Término de materia o nombre geográfico como elemento de entrada Vivienda
651 10 - PUNTO DE ACCESO ADICIONAL DE MATERIA--NOMBRE GEOGRÁFICO
9 (RLIN) 3815
Nombre geográfico Andrés Avelino Cáceres (Perú : Región)
942 ## - ELEMENTOS PERSONALIZADOS KOHA
Fuente del sistema de clasificación o colocación
Fecha de catalogación 16 - 08 - 21
Tipo de ítem Koha Libros
Existencias
Fuente del sistema de clasificación o colocación Localización permanente Ubicación/localización actual Fecha de adquisición Número de inventario Total de préstamos Signatura LC Fecha visto por última vez Tipo de ítem Koha Número de copia
  CENTRO DE DOCUMENTACIÓN (CENDOC) CENTRO DE DOCUMENTACIÓN (CENDOC) 08/16/2021 006592   HA 1068.RAC | P45 1993 08/16/2021 Libros  
  CENTRO DE DOCUMENTACIÓN (CENDOC) CENTRO DE DOCUMENTACIÓN (CENDOC) 08/16/2021     HA 1068.RL | P45 1993 08/16/2021 Libros Ej. 2
Centro de Documentación CAAAP | AV. Manuel González Prada 626, Magdalena del Mar | (51-1) 4615223 Anexo 205 y 209 | cendoc@caaap.org.pe